| 000 | 00971nam a2200277 a 4500 | ||
|---|---|---|---|
| 001 | BRL_1471 | ||
| 005 | 20190320211225.0 | ||
| 008 | 230114s1987----mx-a######---#000-0#spa-# | ||
| 020 | _a9686038663 | ||
| 041 | _aspa | ||
| 044 | _amx | ||
| 050 | 4 |
_aF1221.N3 _b.S44 1987 |
|
| 100 | 1 |
_aSegre, Enzo _927026 |
|
| 245 | 1 | 0 |
_aLas máscaras de lo sagrado _bensayos ítalo-mexicanos sobre el sincretismo nahuat-católico de la Sierra Norte de Puebla _cEnzo Segre ; traducción Ruth Solís Vicarte. |
| 260 |
_aMéxico _bINAH _c1987 |
||
| 300 |
_a172 p. _bil. _c20 cm. |
||
| 440 | 0 |
_aColección divulgación. Serie Ensayo _927027 |
|
| 500 | _aAu1753 | ||
| 650 | 1 | 4 |
_aNahuas _xReligión _zPuebla (Estado) _927028 |
| 650 | 1 | 4 |
_aNahuas _xMedicina _zPuebla (Estado) _927029 |
| 650 | 1 | 4 |
_aSincretismo (Religión) _zPuebla (Estado) _927030 |
| 651 | 4 |
_aPuebla (Estado) _xVida social y costumbres _927031 |
|
| 700 | 1 |
_aSolís Vicarte, Ruth _etr. _927032 |
|
| 902 | _aGRL | ||
| 942 |
_2lcc _cB |
||
| 999 |
_c10281 _d10281 |
||